A-Z: Answers containing "Her" - Statistics

General Stats
  • This quiz has been taken 15 times
  • The average score is 18 of 26
Answer Stats
Initial Clue Answer % Correct
B Someone who sells or processes meat Butcher
100%
E One or the other Either
100%
A The layers of gases surrounding the Earth Atmosphere
93%
C Small, dark red fruit Cherry
93%
O Alternative; not this one Other
93%
R Having more money Richer
93%
T Harder Tougher
93%
F Person who catches edible sea creatures Fisherman
87%
H Female who does something great, or is the main character in a story Heroine
87%
K Conforming to certain Jewish dietary rules; acceptable to eat Kosher
87%
U To guide someone, eg. to their seat; or the person who does this Usher
80%
V Coupon which entitles you to something free or money off Voucher
80%
W The place at which Where
80%
D One of Santa's fastest reindeer Dasher
73%
M Scottish surname of Australian model Elle McPherson
73%
N Further from the South Pole Northern
67%
P One who thinks or writes about the nature of the world and existence Philosopher
67%
S The Nottinghamshire woods frequented by Robin Hood Sherwood Forest
67%
Z A musical instrument with many strings Zither
67%
J Someone who teases or jokes Josher
47%
L Species of turtle Leatherback
40%
G Measure of frequency equal to a billion cycles per second Gigahertz
33%
I Not making sense, linguistically jumbled, incomprehensible Incoherent
33%
X Great Spanish midfielder of the early 2000s, known by his first name only Xavi Hernandez
27%
Q Name of an Iranian fighter jet and a Soviet missile used by the Houthis Qaher
13%
Y River in Crimea which you might like, that we always go back to Yeherlyk-Su
0%
No matching quizzes found
Score Distribution
Percent of People with Each Score
Percentile by Number Answered
Your Score History
You have not taken this quiz